| 000 | 00000nam##2200000za#4500 |
| 001 | 9.527345 |
| 003 | CaOODSP |
| 005 | 20200327082947 |
| 007 | ta |
| 008 | 150406|1996||||xxc||||| f|0| 0 fre|d |
| 020 | |a0-662-62438-6 |
| 040 | |aCaOODSP|bfre |
| 041 | |aeng |
| 041 | |afre |
| 043 | |an-cn--- |
| 086 | 1 |aC21-24/8-1996 |
| 110 | 1 |aCanada.|bIndustrie Canada. |bDirection de l'analyse micro-économique. |
| 245 | 10|aL'investissement étranger direct et l'intégration économique et de la zone APEC / |cpar Ashfaq Ahmad et al. |
| 260 | |aOttawa - Ontario : |bIndustrie Canada. |cFévrier 1996. |
| 300 | |aTexte français, iv, 114p. : |bgraphiques, tableaux ; |c28 cm. |
| 490 | 1 |aDocuments de travail|vN° 8 |
| 500 | |aAPEC = Organisation de coopération économique Asie-Pacifique. Sommaire: Introduction.--Diversité et dynamisme des économies de l'APEC.--L'internationalisation des affaires et les économies membres de l'APEC.--L'intégration économique de l'APEC.--Conclusions et conséquences sur le plan des politiques. |
| 504 | |aBibliographie. |
| 546 | |aBilingue |
| 563 | |aCouverture souple |
| 590 | |a96-17|b1996-04-26 |
| 691 | 07|aInvestissement étranger|2gcpds |
| 720 | 1 |aAhmad, Ashfaq |
| 776 | 0#|tForeign direct investment and APEC economic integration / |w(CaOODSP)9.570569 |
| 776 | 0#|tL'investissement étranger direct et l'intégration économique de la zone APEC / |w(CaOODSP)9.601218 |
| 791 | |tForeign direct investment and APEC economic integration / |eeng|w(CaOODSP)9.527344 |
| 830 | #0|aDocuments de travail ;|vN° 8|w(CaOODSP)9.509053 |